5 Biggest 4 letter Cities in each Continent - Statistics

General Stats
  • This quiz has been taken 52 times
  • The average score is 12 of 30
Answer Stats
Continent Letter Population City % Correct
S. America L 14,521,902 Lima
96%
Asia X 13,401,286 Xi'An
92%
Europe R 3,715,440 Rome
86%
Europe K 3,079,562 Kyiv
84%
Europe O 1,172,039 Oslo
78%
S. America C 3,118,096 Cali
64%
Africa K 5,026,276 Kano
60%
Oceania S 204,521 Suva
60%
Asia P 8,403,259 Pune
58%
Oceania A 41,436 Apia
52%
Europe L 2,251,197 Lyon
52%
Africa L 2,841,163 Lomé
50%
Africa G 5,104,228 Giza
48%
Europe K/C (7 letters w. English spelling) 4,007,251 Köln
48%
Africa O 2,501,110 Oran
48%
Asia W 7,011,595 Wuxi
36%
N. America L 1,751,934 León
34%
Asia K 3,716,885 Kobe
30%
N. America R 490,596 Reno
30%
Africa G 1,544,305 Goma
28%
N. America M 515,486 Mesa
26%
Asia Z 4,302,855 Zibo
26%
N. America G 500,598 Gary
18%
Oceania N 56,862 Nadi
12%
N. America X 417,645 Xico
8%
S. America C 314,843 Coro
4%
S. America M 228,127 Magé
4%
S. America M 418,261 Mauá
4%
Oceania D 21,238 Daru
2%
Oceania L 25,305 Lami
2%
No matching quizzes found
Score Distribution
Percent of People with Each Score
Percentile by Number Answered
Your Score History
You have not taken this quiz